000 00337nam a2200133Ia 4500
008 240624s9999 xx 000 0 und d
041 _aeng
082 _a200 BRY
100 _aBRYANT EDWIN F
245 _aBHAKTI YOGA TALES AND TEACHINGS FROM THE
260 _c2017
_aLondon
_bMacmillan
300 _axxix, 650 p.; 23 cm.
365 _cRS
999 _c31877
_d31877